Dušan Slimák - systémový mysliteľ a vizionár

Spomienka na zosnulého Dušana Slimáka - systémového mysliteľa a vizionára, ktorý pracoval v oblasti regionálnej politiky.

Enregistré dans:
Détails bibliographiques
Auteur principal: Buček, Milan
Format: Chapitre de livre
Langue:slovaque
Sujets:
Tags: Ajouter un tag
Pas de tags, Soyez le premier à ajouter un tag!

MARC

LEADER 00000naa$a2200000$$$4500
001 0091251
005 20240502072022.6
041 0 |a slo 
044 |a SK 
245 1 0 |a Dušan Slimák - systémový mysliteľ a vizionár  |c Milan Buček 
520 |a Spomienka na zosnulého Dušana Slimáka - systémového mysliteľa a vizionára, ktorý pracoval v oblasti regionálnej politiky. 
610 2 0 |a osoby fyzické 
610 2 0 |a učitelia 
610 2 0 |a regióny 
610 2 0 |a urbanizmus 
100 1 |a Buček, Milan